00839nam a22002417a 4500999001900000005001700019010001300036020002600049035001300075037001800088082001100106100002400117245009500141250001200236260002900248270006100277300002600338500001800364700002000382700002200402942002500424952014800449 c182225d18222520211109141559.0 aB-741828 a9788131757994c180.00 aB-741828 bPearson /Gift a658.45 aBovee, Courtland L. aBusiness communication today /cby Courtland L. Bovee, John V. Thill [and] Abha Chatterjee a10th ed aNew DelhibPearsonc2013 a11 Community Centre, Panchsheel Park,bNew Delhie110017 avp.:bill.c25cm(pbk) ainclude index aThill, John V.  aChatterjee, Abha  2ddccENmBOVh658.45 001040708NFICaBNbBNd2021-11-09eEng/Gift/8.11.2021g180.00l0o658.45 BOVpB-741828r2021-11-09 00:00:00t1v180.00w2021-11-09yENzGift